Las asignaciones familiares : (Record no. 4712)
[ view plain ]
| 000 -CABECERA | |
|---|---|
| campo de control de longitud fija | 00752nam a2200205 a 4500 |
| 005 - FECHA Y HORA DE LA ÚLTIMA TRANSACCIÓN | |
| campo de control | 20240213063934.0 |
| 008 - ELEMENTOS DE LONGITUD FIJA--INFORMACIÓN GENERAL | |
| campo de control de longitud fija | 991125s1965 fr 000 0 spa u |
| 035 ## - NÚMERO DE CONTROL DEL SISTEMA | |
| Número de control de sistema | UPN01000004712 |
| 049 ## - COLECCIÓN | |
| Colección | CG |
| 050 #4 - SIGNATURA TOPOGRÁFICA DE LA BIBLIOTECA DEL CONGRESO | |
| Número de clasificación | HV697 |
| Número de documento/Ítem | L4.3 1953 |
| 100 1# - ASIENTO PRINCIPAL--NOMBRE PERSONAL | |
| Nombre de persona | Lebel, Roland |
| 245 14 - MENCIÓN DE TÍTULO | |
| Título | Las asignaciones familiares : |
| Resto del título | evolución de la legislación sobre asignaciones familiares desde 1953 / |
| Mención de responsabilidad, etc. | ponentes Roland Lebel y Zarco Cvejic. |
| 260 ## - PUBLICACIÓN, DISTRIBUCIÓN, ETC. | |
| Lugar de publicación, distribución, etc. | Ginebra : |
| Nombre del editor, distribuidor, etc. | Asociación Internacional de la Seguridad Social, |
| Fecha de publicación, distribución, etc. | 1965. |
| 300 ## - DESCRIPCIÓN FÍSICA | |
| Extensión | 136 p. |
| 500 ## - NOTA GENERAL | |
| Nota general | Datos tomados de la cubierta |
| 500 ## - NOTA GENERAL | |
| Nota general | "XVa Asamblea General (Washington, D.C., septiembre-octubre de 1964)" |
| 650 #4 - ASIENTO SECUNDARIO DE MATERIA - TERMINO TEMATICO | |
| Término de materia o nombre geográfico como elemento de entrada | Familias |
| Subdivisión general | Asignaciones |
| 9 (RLIN) | 22097 |
| 700 1# - ASIENTO SECUNDARIO--NOMBRE DE PERSONAL | |
| Nombre de persona | Cvejic, Zarco, |
| Término indicativo de función/relación | coaut. |
| 905 ## - TIPO DE MATERIAL | |
| Tipo de material | Libro |
| Estado de retiro | Estado de pérdida | Fuente del sistema de clasificación o colocación | Estado dañado | No para préstamo | Código de colección | Localización permanente | Ubicación/localización actual | Ubicación en estantería | Total de préstamos | Clasificación | Código de barras | Fecha visto por última vez | Número de copia | Tipo de ítem Koha |
|---|---|---|---|---|---|---|---|---|---|---|---|---|---|---|
| Library of Congress Classification | Colección General | Bib. Gregorio Torres Quintero | Bib. Gregorio Torres Quintero | Planta baja | 8 | HV697 L4.3 1953 | 40544 | 31/12/2020 | 1 | Libro |
